[Event "FRM-chT2 Gp-B"]
[Site "Ohrid"]
[Date "2022.07.23"]
[Round "4.5"]
[White "Uruci, Besim"]
[Black "Ibrahimi, Besnik"]
[Result "1-0"]
[WhiteElo "2102"]
[BlackElo "1765"]
[PlyCount "111"]
[EventDate "2022.07.21"]
[EventType "team-tourn"]
[EventRounds "5"]
[EventCountry "MKD"]
[SourceTitle "CBM 210 Extra"]
[Source "ChessBase"]
[SourceDate "2022.11.30"]
[SourceVersion "1"]
[SourceVersionDate "2022.11.30"]
[SourceQuality "1"]
[WhiteTeam "Shkupi"]
[BlackTeam "Teuta Matejce"]
[WhiteTeamCountry "MKD"]
[BlackTeamCountry "MKD"]

1. d4 Nf6 2. Nf3 e6 3. Bg5 Be7 4. e3 b6 5. Nbd2 Bb7 6. Bd3 d6 7. Qe2 Nd5 8. h4 Nb4 9. a3 Nxd3+ 10. Qxd3 Nd7 11. c4 Bf6 12. b4 a5 13. b5 h6 14. Bf4 Qe7 15. Bg3 e5 16. dxe5 Nxe5 17. Bxe5 Bxe5 18. Nxe5 Qxe5 19. 0-0 0-0 20. Qd4 Qe6 21. Nb1 Qe4 22. Qxe4 Bxe4 23. Nd2 Bd3 24. Rfc1 Rfe8 25. Rc3 Bf5 26. f3 Re5 27. g4 Bd7 28. e4 a4 29. Kf2 Rc5 30. Rb1 g6 31. Rb4 Kg7 32. Rd3 Kf6 33. Nb1 Be6 34. Rd4 g5 35. h5 Ke5 36. Ke3 c6 37. bxc6 Rxc6 38. Nc3 Rac8 39. Nxa4 Rxc4 40. Rdxc4 Rxc4 41. Rxc4 Bxc4 42. Nxb6 Ba6 43. Nd5 Bb5 44. Nb6 f6 45. a4 Bc6 46. a5 Bb7 47. Nc4+ Ke6 48. Kd4 d5 49. Nd2 Kd6 50. Nf1 dxe4 51. fxe4 Bc8 52. Ne3 Kc6 53. Nf5 Be6 54. Nxh6 Kb5 55. Nf5 Kxa5 56. Kc5 1-0

[Event "FRM-chT2 final"]
[Site "Ohrid"]
[Date "2021.07.06"]
[Round "3.2"]
[White "Uruci, Besim"]
[Black "Petrov, Georgi"]
[Result "0-1"]
[WhiteElo "2131"]
[BlackElo "2132"]
[PlyCount "122"]
[EventDate "2021.07.06"]
[EventType "team-tourn"]
[EventRounds "3"]
[EventCountry "MKD"]
[SourceTitle "EXT 2022"]
[Source "ChessBase"]
[SourceDate "2021.10.06"]
[SourceVersion "1"]
[SourceVersionDate "2021.10.06"]
[SourceQuality "1"]
[WhiteTeam "Skopje Shkupi"]
[BlackTeam "Kumanovo Fisher"]
[WhiteTeamCountry "MKD"]
[BlackTeamCountry "MKD"]

1. d4 Nf6 2. Nf3 d5 3. Bf4 c5 4. c3 Qb6 5. Qb3 c4 6. Qc2 Nc6 7. Nbd2 Bg4 8. h3 Bh5 9. g4 Bg6 10. Qc1 e6 11. Bg2 Qd8 12. Ne5 Bd6 13. b3 cxb3 14. axb3 Bxe5 15. Bxe5 Nxe5 16. dxe5 Nd7 17. f4 Qh4+ 18. Kf1 f6 19. exf6 Nxf6 20. Qe1 Qxe1+ 21. Kxe1 0-0 22. c4 Rfd8 23. Kf2 a6 24. g5 Ne8 25. cxd5 exd5 26. Rac1 Rd7 27. Rc5 Rad8 28. Rhc1 Bf5 29. Rc8 Rxc8 30. Rxc8 Kf7 31. Nf3 Ke7 32. Nd4 Bg6 33. f5 Bf7 34. Ke3 Rc7 35. Rb8 Kd6 36. Bf3 Ke5 37. Kd3 Nd6 38. Bg4 Ne4 39. e3 Nxg5 40. Rd8 h5 41. Bd1 Nxh3 42. Bc2 Nf2+ 43. Ke2 Ne4 44. Rh8 g6 45. Rh6 Kf6 46. fxg6 Bxg6 47. Rh8 Rh7 48. Rf8+ Ke7 49. Rb8 Kd6 50. Rd8+ Ke7 51. Rb8 Kd6 52. Rd8+ Ke7 53. Rb8 Kf6 54. Rf8+ Rf7 55. Rd8 h4 56. Ke1 h3 57. Nf3 Ke7 58. Rxd5 Rxf3 59. Bxe4 Rxe3+ 60. Kf2 Rxe4 61. Kg3 Re3+ 0-1

[Event "FRM-chT2 GpB"]
[Site "Ohrid"]
[Date "2021.07.04"]
[Round "2.2"]
[White "Uruci, Besim"]
[Black "Simovski, Goran"]
[Result "1/2-1/2"]
[WhiteElo "2131"]
[BlackElo "2270"]
[PlyCount "132"]
[EventDate "2021.07.03"]
[EventType "team-tourn"]
[EventRounds "5"]
[EventCountry "MKD"]
[SourceTitle "EXT 2022"]
[Source "ChessBase"]
[SourceDate "2021.10.06"]
[SourceVersion "1"]
[SourceVersionDate "2021.10.06"]
[SourceQuality "1"]
[WhiteTeam "Skopje Shkupi"]
[BlackTeam "Bitola Stevo Patako"]
[WhiteTeamCountry "MKD"]
[BlackTeamCountry "MKD"]

1. d4 Nf6 2. Nf3 d6 3. g3 g6 4. Bg2 Bg7 5. Nc3 Nbd7 6. Bf4 0-0 7. Qd2 c5 8. Bh6 cxd4 9. Nxd4 Qa5 10. Bxg7 Kxg7 11. 0-0 Ne5 12. Ne4 Qxd2 13. Nxd2 Bd7 14. b3 Nc6 15. N4f3 Rac8 16. c4 Rfd8 17. Rfd1 h6 18. e3 Bg4 19. h3 Bf5 20. Nd4 Nxd4 21. exd4 Rc7 22. g4 Bc8 23. Re1 b6 24. Re3 d5 25. Rc1 dxc4 26. Rxc4 Rxc4 27. Nxc4 e6 28. Rd3 Ba6 29. Rd2 Nd5 30. Bxd5 Rxd5 31. Ne3 Rd7 32. f4 g5 33. f5 Bb7 34. fxe6 fxe6 35. Nc4 Be4 36. Kf2 b5 37. Ke3 bxc4 38. Kxe4 cxb3 39. axb3 Kf6 40. Rf2+ Ke7 41. Ra2 Rb7 42. b4 Kf6 43. Ra4 Rb5 44. Kd3 Rb7 45. Kc4 Rc7+ 46. Kb3 Rb7 47. Ra6 Ke7 48. d5 exd5 49. Rxh6 Rb8 50. Kc3 Rc8+ 51. Kd4 Rc4+ 52. Ke5 Re4+ 53. Kf5 Rxb4 54. Rh7+ Kd6 55. Kxg5 a5 56. Kf5 a4 57. Ra7 Rb3 58. h4 Rf3+ 59. Kg5 a3 60. h5 Kc5 61. h6 Kb4 62. h7 Rh3 63. Kf4 a2 64. g5 Rxh7 65. Rxa2 Re7 66. g6 d4 1/2-1/2

[Event "KOS CupT"]
[Site "Pristina"]
[Date "2017.12.02"]
[Round "6.4"]
[White "Uruci, Besim"]
[Black "Bimbashi, Hamze"]
[Result "0-1"]
[WhiteElo "2147"]
[BlackElo "2068"]
[PlyCount "68"]
[EventDate "2017.11.11"]
[EventType "team-tourn"]
[EventRounds "7"]
[EventCountry "KOS"]
[SourceTitle "EXT 2019"]
[Source "ChessBase"]
[SourceDate "2018.10.10"]
[SourceVersion "1"]
[SourceVersionDate "2018.10.10"]
[SourceQuality "1"]
[WhiteTeam "Ferizaji"]
[BlackTeam "Fushe Kosova"]
[WhiteTeamCountry "KOS"]
[BlackTeamCountry "KOS"]

1. d4 d5 2. c4 c6 3. Nc3 f5 4. Bf4 e6 5. e3 Nf6 6. Nf3 Bd6 7. Bd3 Ne4 8. Bxd6 Qxd6 9. Ne5 0-0 10. 0-0 Nd7 11. c5 Ndxc5 12. Bxe4 fxe4 13. f3 exf3 14. Rxf3 Nd7 15. Rxf8+ Qxf8 16. Qh5 Nxe5 17. Qxe5 Qe7 18. Rf1 b6 19. e4 Ba6 20. Rf3 Re8 21. h3 Rd8 22. Rg3 g6 23. exd5 cxd5 24. Re3 Kf7 25. Rf3+ Kg8 26. h4 Qd6 27. Qg5 Rf8 28. h5 Rxf3 29. gxf3 Bd3 30. h6 Kf7 31. Kf2 Bf5 32. Ke3 e5 33. Nb5 exd4+ 34. Nxd4 Qe5+ 0-1

[Event "KOS-ch"]
[Site "Pristina"]
[Date "2017.10.21"]
[Round "10"]
[White "Zenuni, Albert"]
[Black "Uruci, Besim"]
[Result "1-0"]
[WhiteElo "1985"]
[BlackElo "2152"]
[PlyCount "92"]
[EventDate "2017.09.16"]
[EventType "tourn"]
[EventRounds "11"]
[EventCountry "KOS"]
[SourceTitle "EXT 2019"]
[Source "ChessBase"]
[SourceDate "2018.10.10"]
[SourceVersion "1"]
[SourceVersionDate "2018.10.10"]
[SourceQuality "1"]

1. c4 c6 2. e3 d5 3. d4 Nf6 4. Nc3 g6 5. Nf3 Bg7 6. Be2 0-0 7. 0-0 a6 8. b3 Bf5 9. Ba3 Re8 10. Bd3 Nbd7 11. Bxf5 gxf5 12. cxd5 cxd5 13. Rc1 Qa5 14. Bb2 Ne4 15. Nd2 Rac8 16. Ndxe4 fxe4 17. f3 f5 18. f4 Nf6 19. h3 Kh8 20. g4 e6 21. g5 Ng8 22. h4 Rc6 23. Rf2 Rec8 24. Na4 Rxc1 25. Bxc1 Qc7 26. Ba3 b6 27. Kg2 a5 28. Qe2 Qc6 29. Rf1 Qc2 30. Qxc2 Rxc2+ 31. Rf2 Rc6 32. Nb2 h6 33. h5 Kh7 34. Nd1 Bh8 35. b4 a4 36. b5 Rc8 37. Bd6 Bg7 38. Nb2 Ra8 39. Rc2 Ra5 40. Rc7 Kh8 41. a3 Rxb5 42. Bb4 Bf8 43. Bxf8 Rxb2+ 44. Kg3 hxg5 45. fxg5 f4+ 46. exf4 Rb3+ 1-0

[Event "KOS-ch"]
[Site "Pristina"]
[Date "2017.09.30"]
[Round "7"]
[White "Uruci, Besim"]
[Black "Uruci, Endrit"]
[Result "0-1"]
[WhiteElo "2152"]
[BlackElo "2111"]
[PlyCount "26"]
[EventDate "2017.09.16"]
[EventType "tourn"]
[EventRounds "11"]
[EventCountry "KOS"]
[SourceTitle "EXT 2019"]
[Source "ChessBase"]
[SourceDate "2018.10.10"]
[SourceVersion "1"]
[SourceVersionDate "2018.10.10"]
[SourceQuality "1"]

1. e4 e5 2. Nf3 Nc6 3. Nc3 Nf6 4. Bc4 Nxe4 5. Bxf7+ Kxf7 6. Nxe4 d5 7. Neg5+ Kg8 8. d3 h6 9. Nh3 Bg4 10. Nhg1 e4 11. dxe4 dxe4 12. Qxd8 Rxd8 13. Nd2 Nd4 0-1